000 003200000a22001450004500
003 MACL
040 _aMACL
090 _c7858
_d7857
100 _aPrasad, Dr. Rajendra
245 _aThe Unity Of India
260 _bThe Director Publications Division
_c1970
350 _a1.75
650 _aSociology
942 _cBOOK
_k300
999 _c7809
_d7809